[Event "IBM-B"]
[Site "Amsterdam"]
[Date "1973.??.??"]
[Round "9"]
[White "Jansa, Vlastimil"]
[Black "Sosonko, Gennadi"]
[Result "1-0"]
[WhiteElo "2475"]
[BlackElo "2430"]

1.e4 c5 2.Nf3 Nc6 3.d4 cxd4 4.Nxd4 Nf6 5.Nc3 d6 6.Bg5 e6 7.Qd2 Be7 8.O-O-O O-O
9.f4 d5 10.e5 Nd7 11.Bxe7 Qxe7 12.Nf3 Nb6 13.Bd3 Bd7 14.Kb1 Rfc8 15.Nb5 Na4
16.Nd6 Rf8 17.c4 f6 18.Qc2 fxe5 19.Bxh7+ Kh8 20.Nxe5 Nxe5 21.fxe5 Qh4 22.Rd3 Rf2
23.Rh3 Qxh3 24.gxh3 Rxc2 25.Bxc2 dxc4 26.Rd1 Bc6 27.Nxc4 Nc5 28.Rd4 Rf8 29.b4 Na4
30.Rh4+ Kg8 31.Bh7+ Kf7 32.Rf4+ Ke7 33.Rxf8 Kxf8 34.Kc2 Bd5 35.Bd3 Ke7 36.a3 Kd7
37.Ne3 Kc6 38.Bg6 Nb6 39.Kd3 Kb5 40.Nxd5 Nxd5 41.Be8+ Kb6 42.Bf7 Kc7 43.Kd4 Kd7
44.Bg6 b6 45.h4 Nc7 46.Bd3 Kc6 47.a4 Kd7 48.Be4 Ke7 49.h5 Na6 50.Kc4 Kd7
51.Bb7 Nb8 52.Kd4 Ke7 53.Bf3 Na6 54.Kc4 Kd7 55.Bg2 Kc7 56.Bh3 Kd7 57.Bg4 Nc7
58.Bf3 Na6 59.Kc3 Kc7 60.Be2 Nb8 61.Bb5 Kd8 62.a5 Kc7 63.Kc4 a6 64.axb6+ Kxb6
65.Be8 Nc6 66.Bxc6 Kxc6 67.Kd4 Kb5 68.Kc3 Kc6 69.Kc4 Kb6 70.Kb3 Kb5 71.h3  1-0

[Event "EU-chT"]
[Site "Bath"]
[Date "1973.??.??"]
[Round "3"]
[White "Eley, Brian"]
[Black "Bhend, Edwin"]
[Result "1/2-1/2"]
[WhiteElo "2350"]
[BlackElo "2315"]

1.e4 c5 2.Nf3 Nc6 3.d4 cxd4 4.Nxd4 Nf6 5.Nc3 d6 6.Bg5 e6 7.Qd2 a6 8.O-O-O Be7
9.f4 d5 10.e5 Nd7 11.Bxe7 Qxe7 12.g4 Nb6 13.Nb3 Qc7 14.Qe3 Bd7 15.h4 Rc8
16.h5 Nb4 17.Rh2 Na4 18.Nxa4 Bxa4 19.Kb1 O-O 20.Rc1 f6 21.h6 fxe5 22.f5 exf5
23.hxg7 Qxg7 24.gxf5 Kh8 25.Qd2 Bxb3 26.axb3 Qg4 27.Qh6 Qg7 28.Qd6 a5 29.Qb6 Qc7
30.Qh6 Qg7 31.Qd2 Rcd8 32.Bh3 Nc6 33.Rch1 Rf7 34.Qd1 e4 35.Bg4 Qe5 36.Bh5 Rg7
37.Bg6  1/2-1/2

[Event "Buenos Aires CA"]
[Site "Buenos Aires"]
[Date "1973.??.??"]
[Round "5"]
[White "Cuasnicu, Oscar"]
[Black "Rodriguez Vargas, Orestes"]
[Result "1/2-1/2"]
[WhiteElo "2370"]
[BlackElo "2435"]

1.e4 c5 2.Nf3 Nc6 3.d4 cxd4 4.Nxd4 Nf6 5.Nc3 d6 6.Bg5 e6 7.Qd2 Be7 8.O-O-O O-O
9.f4 e5 10.Nxc6 bxc6 11.Bc4 Bg4 12.fxe5 dxe5 13.Qxd8 Rfxd8 14.Rxd8+ Rxd8
15.Rf1  1/2-1/2

[Event "Buenos Aires CA"]
[Site "Buenos Aires"]
[Date "1973.??.??"]
[Round "7"]
[White "Rubinetti, Jorge A"]
[Black "Emma, Jaime"]
[Result "1-0"]
[WhiteElo "2410"]
[BlackElo "2385"]

1.e4 c5 2.Nf3 d6 3.d4 cxd4 4.Nxd4 Nf6 5.Nc3 Nc6 6.Bg5 Bd7 7.Bxf6 gxf6 8.Nf5 Qa5
9.Bb5 a6 10.Be2 h5 11.O-O h4 12.Nd5 Qd8 13.Nde3 Bc8 14.c3 e6 15.Nd4 Bd7 16.a4 Qc7
17.f4 O-O-O 18.b4 Kb8 19.b5 Na5 20.bxa6 d5 21.exd5 Qxc3 22.Rf3 e5 23.fxe5 fxe5
24.Ndf5 e4 25.Rc1 Qb3 26.Rf1 Qxd1 27.Rcxd1 Bc5 28.Kh1 b6 29.Bb5 h3 30.g3 Bc8
31.Rf4 Ka7 32.Rxe4 Bxa6 33.Bxa6 Kxa6 34.d6 Rd7 35.Ng4 Nb7 36.Nf6 Rxd6 37.Nxd6 Nxd6
38.Ree1 Ka5 39.Ne4 Nxe4 40.Rxe4 f5 41.Rf4 Re8 42.Rdf1 Re2 43.Rh4 Re4 44.Rxh3 Rxa4
45.Rh8 Kb5 46.Rxf5 Ra2 47.h4 Kc4 48.h5 Kd4 49.h6 Ra7 50.h7 Kc4 51.Rf4+  1-0

[Event "Buenos Aires CA"]
[Site "Buenos Aires"]
[Date "1973.??.??"]
[Round "11"]
[White "Cuartas, Carlos"]
[Black "Schweber, Samuel"]
[Result "0-1"]
[WhiteElo "2350"]
[BlackElo "2445"]

1.e4 c5 2.Nf3 d6 3.d4 cxd4 4.Nxd4 Nf6 5.Nc3 Nc6 6.Bg5 e6 7.Qd2 a6 8.O-O-O Bd7
9.f4 h6 10.Bh4 Nxe4 11.Qe1 Nf6 12.Nf5 Qa5 13.Nxd6+ Bxd6 14.Rxd6 O-O-O 15.Qd2 Ne7
16.Bd3 Qb4 17.Bxf6 gxf6 18.Be4 Nd5 19.Bxd5 Qxd6 20.Bxb7+ Kc7 21.Qxd6+ Kxd6
22.Bxa6 Bc6 23.Rg1 Rdg8 24.g3 h5 25.Rd1+ Kc5 26.a3 h4 27.Rd3 hxg3 28.hxg3 Kb6
29.Bc4 Rh1+ 30.Kd2 Rh2+ 31.Ne2 Be4 32.Rb3+ Ka7 33.Re3 f5 34.a4 Rf2 35.Bd3 Rb8
36.b3 Bg2 37.a5 Bc6 38.Kc3 Rc8 39.Kb2 Rd8 40.b4 Rxd3 41.cxd3 Bf3 42.Rxf3 Rxf3
43.Kc3 Ka6 44.Kc4 Re3 45.Nd4 Rxg3 46.Nb3 Rf3 47.b5+ Ka7 48.b6+ Kb8 49.a6 Rxf4+
50.Kb5 Rf1 51.Nc5 Rb1+ 52.Kc6 f4 53.Nd7+ Ka8 54.Ne5 f6 55.Nf3 Rc1+ 56.Kd7 e5
57.Nd2 f5 58.Kd6 e4 59.dxe4 fxe4 60.Nxe4 f3 61.Kd7 Rc2 62.Kd8 f2 63.Nxf2 Rxf2
64.Kc8 Rc2+ 65.Kd7 Kb8  0-1

[Event "Chicago"]
[Site "Chicago"]
[Date "1973.??.??"]
[Round "3"]
[White "Kaufman, Larry C"]
[Black "Weinstein, Norman"]
[Result "0-1"]
[WhiteElo "2400"]
[BlackElo "2200"]

1.e4 c5 2.Nf3 Nc6 3.d4 cxd4 4.Nxd4 Nf6 5.Nc3 d6 6.Bg5 Bd7 7.Qd2 Rc8 8.O-O-O Nxd4
9.Qxd4 Qa5 10.Bd2 a6 11.f3 e5 12.Qd3 Be6 13.a3 h6 14.f4 Qc7 15.f5 Bc4 16.Qf3 Be7
17.Bd3 b5 18.g4 Bxd3 19.Qxd3 Nxg4 20.Qg3 Nf6 21.Kb1 Rg8 22.Rc1 Qc4 23.Qg2 Bd8
24.Rhd1 Bb6 25.Be1 Bd4 26.Ne2 Be3 27.Bd2 Bxd2 28.Rxd2 Nxe4 29.Rd3 Qc6 30.Qg1 Ke7
31.Qe3 f6 32.Nc3 Nxc3+ 33.Rxc3 Qb7 34.Rd3 Rgd8 35.Rg1 Kf8 36.Qd2 d5 37.Rdg3 Rd7
38.Rg6 Rf7 39.Qb4+ Qe7 40.Qa5 Qd6 41.Qd2 Rcc7 42.R1g3 e4 43.Qe2 Qe5 44.Qh5 d4
45.Rg2 Rcd7 46.R6g3 d3 47.cxd3 exd3 48.Rd2 Rd5 49.Rdxd3 Qxf5 50.Qxf5 Rxf5
51.Rd8+ Ke7 52.Ra8 Re5 53.Rc3 f5 54.Rxa6 f4 55.Kc2 Re6 56.Ra5 Rf5 57.Rc7+ Kf6
58.Raa7 g5 59.Rab7 Kg6  0-1

[Event "USA-ch"]
[Site "El Paso"]
[Date "1973.??.??"]
[Round "9"]
[White "Kane, George Francis"]
[Black "Mednis, Edmar John"]
[Result "0-1"]
[WhiteElo "2240"]
[BlackElo "2430"]

1.e4 c5 2.Nf3 d6 3.d4 cxd4 4.Nxd4 Nf6 5.Nc3 Nc6 6.Bg5 e6 7.Qd2 a6 8.O-O-O Bd7
9.f4 b5 10.a3 Qb6 11.Nb3 b4 12.axb4 Nxb4 13.Be2 Rb8 14.Qd4 Qxd4 15.Rxd4 Bc6
16.Na5 Ba8 17.Bf3 e5 18.Rdd1 Rc8 19.Rhe1 Be7 20.f5 O-O 21.Bd2 Bd8 22.Nb3 a5
23.Kb1 Bc6 24.Be3 a4 25.Nc1 Ne8 26.Nd3 Ba5 27.Bd2 Rb8 28.Nd5 Bxd5 29.Bxb4 Bxb4
30.Nxb4 Rxb4 31.Rxd5 Nf6 32.Rd2 Rfb8 33.c3 Rc4 34.Ka2 Rb6 35.Red1 Rcc6 36.Re1 Kf8
37.Bd1 Rc4 38.Bc2 Ke7 39.Bd3 Rc7 40.Bc2 a3 41.b3 Rxc3 42.Kxa3 Nd7 43.Kb2 Rc7
44.Bd3 Rb4 45.Rc2 Nc5 46.Bc4 Rxb3+ 47.Kc1 Rb4 48.Kd2 Ra7  0-1

[Event "EU-ch U20 fin-A"]
[Site "Groningen"]
[Date "1973.??.??"]
[Round "7"]
[White "Urzica, Aurel"]
[Black "Makarichev, Sergey"]
[Result "0-1"]
[WhiteElo "2265"]
[BlackElo "2390"]

1.e4 c5 2.Nf3 d6 3.d4 cxd4 4.Nxd4 Nf6 5.Nc3 Nc6 6.Bg5 e6 7.Qd2 a6 8.O-O-O Bd7
9.f3 Be7 10.h4 Qc7 11.Be3 h5 12.Be2 Ne5 13.Bg5 b5 14.a3 Rb8 15.Kb1 Rb7 16.f4 Nc4
17.Bxc4 bxc4 18.Ka2 Qc5 19.Rb1 Bd8 20.Rhd1 Ba5 21.Bxf6 gxf6 22.Nde2 Ke7 23.Nd4 Rg8
24.f5 e5 25.Nf3 Bc6 26.Qe2 Bxc3 27.bxc3 Rxb1 28.Rxb1 Rg4 29.Nd2 Rg3 30.Nf3 Rg4
31.Nd2 Rxh4 32.Rb4 d5 33.exd5 Bxd5 34.Nf1 Re4 35.Qxh5 Re1 36.Qh6 Qf2 37.Nd2 Qe3
38.Qxe3 Rxe3 39.Kb2 Re2 40.Nxc4 Be4 41.Rb6 Bxc2 42.Rxa6 Bxf5+ 43.Kb3 Be6
44.Kb4 Rxg2 45.a4 Rg4 46.Rc6 Kd7 47.Kb5 Rxc4 48.Rxc4 Bxc4+ 49.Kxc4 Kc6 50.Kd3 f5  0-1

[Event "NLD-ch"]
[Site "Leeuwarden"]
[Date "1973.??.??"]
[Round "3"]
[White "Enklaar, Bertus F"]
[Black "Van Scheltinga, Theo D"]
[Result "0-1"]
[WhiteElo "2445"]
[BlackElo "2330"]

1.e4 c5 2.Nf3 d6 3.d4 cxd4 4.Nxd4 Nf6 5.Nc3 Nc6 6.Bg5 e6 7.Qd2 a6 8.O-O-O Bd7
9.f4 Be7 10.Nf3 b5 11.Bxf6 gxf6 12.f5 Qa5 13.Kb1 Rc8 14.Bd3 Nb4 15.Nd4 Nxd3
16.Qxd3 b4 17.Nce2 e5 18.Nb3 Qb6 19.Ng3 a5 20.Nh5 Rg8 21.Rhg1 a4 22.Nc1 Qf2
23.Qe2 Qxe2 24.Nxe2 d5 25.Rxd5 Bc6 26.Rd2 Bxe4 27.Nhg3 Bb7 28.Nc1 Rg5 29.Nd3 h5
30.Nf1 e4 31.h4 exd3 32.hxg5 dxc2+ 33.Kc1 b3 34.axb3 axb3 35.Ne3 Ra8 36.Nxc2 bxc2
37.Kxc2 Be4+ 38.Kc3 Rc8+ 39.Kb3 Bxf5 40.gxf6 Bxf6 41.Rh1 Be6+ 42.Kb4 Rb8+
43.Kc5 h4 44.Rf2 Ke7 45.Rb1 Rb3 46.Rd2 Be5 47.Re2 f6 48.Rd2 Kf7 49.Kc6 Kg6
50.Rdd1 Bg4  0-1

[Event "NLD-ch"]
[Site "Leeuwarden"]
[Date "1973.??.??"]
[Round "5"]
[White "Enklaar, Bertus F"]
[Black "Sosonko, Gennadi"]
[Result "1/2-1/2"]
[WhiteElo "2445"]
[BlackElo "2430"]

1.e4 c5 2.Nf3 Nc6 3.d4 cxd4 4.Nxd4 Nf6 5.Nc3 d6 6.Bg5 e6 7.Qd2 Be7 8.O-O-O O-O
9.f4 d5 10.e5 Nd7 11.Bxe7 Qxe7 12.Nf3 Nb6 13.Bd3 Bd7 14.Rdf1 Rac8 15.g4 Na5
16.f5 Nac4 17.f6 Qc5 18.Qg5 Qe3+ 19.Qxe3 Nxe3 20.Rf2 Rc5 21.Re1 Nec4 22.fxg7 Kxg7
23.Nd4 Rfc8 24.Nb1 R5c7 25.g5 Be8 26.b3 Na5 27.Re3 Nc6 28.Nxc6 Bxc6 29.Rf4 Bb5
30.c3 Bxd3 31.Rxd3 Nd7 32.Re3 b5 33.Kb2 Nc5 34.Nd2 a5 35.h4 Nd7 36.Nf3 b4
37.cxb4 Rc2+ 38.Ka3 axb4+ 39.Rxb4 Nc5 40.Rb6 Ra8+ 41.Kb4 Raxa2 42.Nd4 Rc1
43.Rc6 Na6+ 44.Kb5 Rca1 45.b4 Nxb4 46.Kxb4 Ra4+ 47.Kc5 Rc4+ 48.Kd6 Rxd4 49.Rf3 Ra7
50.h5 Rc4 51.Rf6 Ra8 52.g6 hxg6 53.hxg6 Rxc6+ 54.Kxc6 fxg6 55.Rxe6 d4 56.Re7+ Kf8
57.Rd7 Ra5 58.e6 d3 59.Kd6 d2 60.Rf7+ Ke8  1/2-1/2

[Event "NLD-ch"]
[Site "Leeuwarden"]
[Date "1973.??.??"]
[Round "10"]
[White "Scholl, Eduard C"]
[Black "Van Scheltinga, Theo D"]
[Result "1-0"]
[WhiteElo "2400"]
[BlackElo "2330"]

1.e4 c5 2.Nf3 d6 3.d4 cxd4 4.Nxd4 Nf6 5.Nc3 Nc6 6.Bg5 e6 7.Qd2 a6 8.O-O-O Bd7
9.f4 Be7 10.Nf3 b5 11.Bxf6 gxf6 12.Bd3 Nb4 13.Kb1 Rc8 14.g4 Qa5 15.Nd4 Nxd3
16.Qxd3 b4 17.Nce2 Qb6 18.h4 a5 19.g5 a4 20.c4 bxc3 21.Nxc3 a3 22.b3 fxg5
23.hxg5 e5 24.fxe5 dxe5 25.Nf5 Bxf5 26.exf5 Qc6 27.f6 Bb4 28.Nd5 Bc5 29.Rhe1 Bd6
30.Nb4  1-0

[Event "NLD-ch"]
[Site "Leeuwarden"]
[Date "1973.??.??"]
[Round "10"]
[White "Zuidema, Coenraad"]
[Black "Van der Vliet, Fred"]
[Result "1/2-1/2"]
[WhiteElo "2200"]
[BlackElo "2310"]

1.e4 c5 2.Nf3 d6 3.d4 cxd4 4.Nxd4 Nf6 5.Nc3 Nc6 6.Bg5 e6 7.Qd2 a6 8.O-O-O Bd7
9.f4 Be7 10.Nf3 b5 11.Bxf6 Bxf6 12.Qxd6 Be7 13.Qd2 b4 14.Na4 Ra7 15.Qe3 Qa5
16.b3 Rb7 17.Nd2 Na7 18.Nc4 Qc7 19.Ncb6 Bb5 20.e5 O-O 21.Bd3 Rfb8 22.Nc4 Bxa4
23.bxa4 Bc5 24.Qe4 g6 25.Kb1 Rd8 26.Be2 Rbb8 27.Nb2 a5 28.Bc4 Rxd1+ 29.Rxd1 Rd8
30.Rxd8+ Qxd8 31.Nd3 Bb6 32.g4 Qd4 33.Qxd4 Bxd4 34.a3 bxa3 35.Ka2 Kf8 36.Kxa3 h6
37.Kb3 Ke7 38.Bb5 g5 39.fxg5 hxg5 40.c4 Bg1 41.h3 Be3 42.c5 Kd8 43.Kc4 Bg1
44.Ne1 Bh2 45.Nf3 Bf4 46.Kd3 Bc1 47.Nd2 Bxd2 48.Kxd2 Kc7 49.Kd3 Kd8 50.Ke4 Nc8
51.Bc6 Ne7 52.Ba8 Ng6 53.Kd4 Nf4 54.Kc4 Kc7 55.Kb5 Nxh3 56.Bc6 Nf2 57.Be8 Nxg4
58.Bxf7 Nxe5 59.Bxe6 g4 60.Bd5 Nd7  1/2-1/2

[Event "CSR-ch"]
[Site "Luhacovice"]
[Date "1973.??.??"]
[Round "5"]
[White "Lechtynsky, Jiri"]
[Black "Minev, Nikolay N"]
[Result "1-0"]
[WhiteElo "2370"]
[BlackElo "2430"]

1.e4 c5 2.Nf3 Nc6 3.d4 cxd4 4.Nxd4 Nf6 5.Nc3 d6 6.Bg5 Qb6 7.Nb3 e6 8.Qd2 a6
9.Be2 Be7 10.g4 Qc7 11.Be3 b5 12.a3 Bb7 13.g5 Nd7 14.f4 Nb6 15.O-O-O Na4
16.Rhg1 Rc8 17.Bd3 O-O 18.Kb1 Rfd8 19.f5 Ne5 20.Nxa4 bxa4 21.Nd4 Nc4 22.Qe2 e5
23.f6 Nxe3 24.fxe7 Qxe7 25.Qxe3 exd4 26.Qxd4 Rc5 27.Qxa4 Rxg5 28.Rxg5 Qxg5
29.Bxa6 Ra8 30.Qb5 Qxb5 31.Bxb5 Bxe4 32.Rxd6 g5 33.Kc1 Kg7 34.Bd3 Bf3 35.Kd2 Re8
36.c4 h5 37.c5 g4 38.Rd4 Kh6 39.Rf4 Kg7 40.b4 Ra8 41.b5 Rxa3 42.Rxf3  1-0

[Event "CSR-ch"]
[Site "Luhacovice"]
[Date "1973.??.??"]
[Round "15"]
[White "Jansa, Vlastimil"]
[Black "Minev, Nikolay N"]
[Result "0-1"]
[WhiteElo "2480"]
[BlackElo "2430"]

1.e4 c5 2.Nf3 Nc6 3.d4 cxd4 4.Nxd4 Nf6 5.Nc3 d6 6.Bg5 Bd7 7.Be2 Qa5 8.Bxf6 gxf6
9.O-O Rg8 10.Kh1 Nxd4 11.Qxd4 f5 12.b4 Qd8 13.exf5 Bg7 14.Qd3 Qc8 15.Nd5 Bxa1
16.Rxa1 Bxf5 17.Qe3 Be6 18.Nf4 a5 19.Re1 axb4 20.Bh5 Ra5 21.Qb6 Qc3 22.Rg1 Re5
23.Qxb7 Kf8 24.Bf3 Rgg5 25.h4 Rgf5 26.Nxe6+ fxe6 27.Qa8+ Kg7 28.Qb7 Rf7 29.Kh2 Qd4
30.Rb1 Qxh4+ 31.Kg1 d5 32.Qxb4 Qxb4 33.Rxb4 Re1+ 34.Kh2 Rc1 35.Rb2 Rf4 36.Kg3 Rc4
37.Rb6 Kf6 38.Bxd5 Rc3+ 39.f3 Re1 40.Bb3 Re2 41.Rb4 Rc5 42.Rg4 h5 43.Rg8 Kf7
44.Rh8 Kg7 45.Re8 Rg5+ 46.Kh3 Kf7 47.Rh8 Rgxg2 48.f4 Rh2+ 49.Kg3 Kg7 50.Re8 h4+
51.Kf3 Kf7 52.Rh8 Rhf2+ 53.Kg4 Re4 54.Rh7+ Kg6 55.Rxe7 Rfxf4+ 56.Kh3 Re3+
57.Kh2 Kf6 58.Rd7 Rf2+ 59.Kg1 Rfe2 60.a4 h3 61.Rd1 Rg2+  0-1

[Event "ARG-ch"]
[Site "Santa Fe"]
[Date "1973.??.??"]
[Round "2"]
[White "Aparicio, Anibal"]
[Black "Sanguineti, Raul"]
[Result "0-1"]
[WhiteElo "2200"]
[BlackElo "2530"]

1.e4 c5 2.Nf3 d6 3.d4 cxd4 4.Nxd4 Nf6 5.Nc3 Nc6 6.Bg5 e6 7.f4 h6 8.Bh4 Be7
9.Nb3 Nxe4 10.Bxe7 Nxc3 11.Bxd8 Nxd1 12.Rxd1 Kxd8 13.Rxd6+ Ke7 14.Rd2 b6
15.Be2 g5 16.Bf3 Bb7 17.Nd4 Nxd4 18.Bxb7 Rad8 19.c3 Nf5 20.Rxd8 Rxd8 21.g3 gxf4
22.gxf4 Nd6 23.Bg2 Kf6 24.b3 Nb5 25.c4 Nc3 26.a4 Rd1+ 27.Kf2 Rd2+ 28.Kf3 Rb2
29.Re1 Rxb3 30.Re3 Nb1 31.Rxb3 Nd2+ 32.Ke3 Nxb3 33.Be4 Nc5 34.Bc2 e5 35.h4 a5
36.f5 Ke7 37.Kf3 Nd7 38.Ke4 Kd6 39.Bd3 Nc5+ 40.Ke3 Nxd3 41.Kxd3 f6  0-1

[Event "Sao Paulo"]
[Site "Sao Paulo"]
[Date "1973.??.??"]
[Round "10"]
[White "Kaplan, Julio P"]
[Black "Csom, Istvan"]
[Result "1/2-1/2"]
[WhiteElo "2455"]
[BlackElo "2540"]

1.e4 c5 2.Nf3 d6 3.d4 cxd4 4.Nxd4 Nf6 5.Nc3 Nc6 6.Bg5 e6 7.Qd2 Nxd4 8.Qxd4 Bd7
9.O-O-O Qa5 10.Bd2 a6 11.Be2 Bc6 12.a3 Qe5 13.Qe3 Nxe4 14.f4 Qc5 15.Nxe4 Qxe3
16.Nxd6+ Bxd6 17.Bxe3 O-O-O 18.Rhg1 Bc7 19.g3 e5 20.Bg4+ Kb8 21.fxe5 Bxe5
22.Bb6 Bc7 23.Bxc7+ Kxc7 24.Rxd8 Rxd8 25.Rf1  1/2-1/2

[Event "URS-ch sf"]
[Site "Tbilisi"]
[Date "1973.??.??"]
[Round "12"]
[White "Makarichev, Sergey"]
[Black "Osnos, Viatcheslav"]
[Result "0-1"]
[WhiteElo "2390"]
[BlackElo "2510"]

1.e4 c5 2.Nf3 Nc6 3.d4 cxd4 4.Nxd4 Nf6 5.Nc3 d6 6.Bg5 e6 7.Qd2 Be7 8.O-O-O Nxd4
9.Qxd4 O-O 10.f4 Qa5 11.Bc4 Rd8 12.Rhf1 Bd7 13.f5 Rac8 14.Bb3 exf5 15.exf5 Bc6
16.g4 d5 17.Rfe1 Bc5 18.Qd3 Bb4 19.Bxf6 gxf6 20.g5 fxg5 21.Rg1 h6 22.Nxd5 Bxd5
23.Bxd5 Qc7 24.Kb1 Be7 25.c3 Bf6 26.h4 Qb6 27.hxg5 hxg5 28.Qd2 Kf8 29.Qh2 Rxc3
30.Qh6+ Ke7 31.Bb3 Re3 32.Qh5 Rxd1+ 33.Rxd1 Rxb3 34.axb3 Qf2 35.Rd7+ Kxd7
36.Qxf7+ Be7 37.Qe6+ Kd8 38.Qd5+ Kc7 39.Qe5+ Bd6 40.Qg7+ Kb6 41.Qxg5 Be5
42.Qd8+ Ka6  0-1

[Event "IBM"]
[Site "Amsterdam"]
[Date "1974.??.??"]
[Round "12"]
[White "Tukmakov, Vladimir B"]
[Black "Csom, Istvan"]
[Result "1/2-1/2"]
[WhiteElo "2570"]
[BlackElo "2540"]

1.e4 c5 2.Nf3 d6 3.d4 cxd4 4.Nxd4 Nf6 5.Nc3 Nc6 6.Bg5 e6 7.Qd2 a6 8.O-O-O h6
9.Be3 Bd7 10.f4 Qc7 11.Be2 b5 12.Bf3 Rc8 13.Nb3 Be7 14.Kb1 b4 15.Na4 Na5
16.Nb6 Nc4 17.Nxc4 Qxc4 18.e5 dxe5 19.fxe5 Nd5 20.Bxd5 exd5 21.Nd4 a5 22.Rhf1 Qa6
23.h3 Bc5 24.Rf3 Bxd4 25.Bxd4 Qg6 26.e6 Bxe6 27.Qf2 f6 28.Re1 Rc6 29.Rg3 Qh7
30.Rge3 Kf7 31.g4 Re8 32.R1e2 Rec8 33.b3 Qg6 34.Kb2 h5 35.Rg3 hxg4 36.hxg4 Kg8
37.Qg2 Qg5 38.Qf3  1/2-1/2

[Event "FRG-ch"]
[Site "Menden"]
[Date "1974.??.??"]
[Round "?"]
[White "Putzbach, Gerd"]
[Black "Kuehler, Wolfgang"]
[Result "1-0"]
[WhiteElo "2200"]
[BlackElo "2200"]

1.e4 c5 2.Nf3 Nc6 3.d4 cxd4 4.Nxd4 Nf6 5.Nc3 d6 6.Bg5 e6 7.Qd2 a6 8.Rd1 Bd7
9.Be2 h6 10.Be3 b5 11.a3 Be7 12.f4 Qc7 13.Bf3 Nxd4 14.Bxd4 Bc6 15.O-O Rd8
16.Qf2 Qb7 17.e5 Nd5 18.Nxd5 Bxd5 19.Bxd5 exd5 20.exd6 Rxd6 21.Bxg7 Rg8 22.Bd4 Rdg6
23.g3 f5 24.Rfe1 h5  1-0

[Event "Nice olm prel"]
[Site "Nice"]
[Date "1974.??.??"]
[Round "1"]
[White "Tringov, Georgi P"]
[Black "Juliao, C."]
[Result "1-0"]
[WhiteElo "2465"]
[BlackElo "2200"]

1.e4 c5 2.Nf3 d6 3.d4 cxd4 4.Nxd4 Nf6 5.Nc3 Nc6 6.Bg5 e6 7.Qd2 a6 8.O-O-O Be7
9.f4 Qc7 10.Bxf6 gxf6 11.g3 Bd7 12.f5 Nxd4 13.Qxd4 Rc8 14.Bh3 b5 15.fxe6 fxe6
16.Qd2 f5 17.exf5 b4 18.Ne4 exf5 19.Nxd6+ Bxd6 20.Rhe1+ Be7 21.Rxe7+ Kxe7
22.Qg5+ Kf7 23.Bxf5 Rcd8 24.Rf1  1-0

[Event "Nice olm fin-A"]
[Site "Nice"]
[Date "1974.??.??"]
[Round "2"]
[White "Kuzmin, Gennadi P"]
[Black "Markland, Peter R"]
[Result "1-0"]
[WhiteElo "2600"]
[BlackElo "2390"]

1.e4 c5 2.Nf3 Nc6 3.d4 cxd4 4.Nxd4 Nf6 5.Nc3 d6 6.Bg5 Bd7 7.Qd2 Rc8 8.O-O-O Nxd4
9.Qxd4 Qa5 10.Bd2 a6 11.f3 e5 12.Qe3 Be6 13.a3 Be7 14.g4 Qc5 15.Qxc5 Rxc5
16.Be3 Rc8 17.h4 h6 18.Be2 Rxc3 19.bxc3 d5 20.g5 hxg5 21.hxg5 Bxa3+ 22.Kd2 Rxh1
23.Rxh1 Nd7 24.Rb1 b5 25.exd5 Bxd5 26.Ra1 b4 27.cxb4 Bxb4+ 28.c3  1-0

[Event "Nice olm prel"]
[Site "Nice"]
[Date "1974.??.??"]
[Round "4"]
[White "Rolle, A."]
[Black "Ree, Hans"]
[Result "0-1"]
[WhiteElo "2200"]
[BlackElo "2425"]

1.e4 c5 2.Nf3 d6 3.d4 cxd4 4.Nxd4 Nf6 5.Nc3 Nc6 6.Bg5 e6 7.Qd2 a6 8.O-O-O Bd7
9.f4 Be7 10.Be2 h6 11.Bxf6 Bxf6 12.Nxc6 Bxc6 13.Bf3 Qb6 14.Rhe1 O-O 15.a3 Rfd8
16.Qe3 Qxe3+ 17.Rxe3 Rac8 18.Red3 Be7 19.Kb1 b5 20.Na2 Bb7 21.e5 d5 22.Rc3 a5
23.Rxc8 Rxc8 24.b4 axb4 25.axb4 Rc4 26.g3 Bc6 27.c3 Be8 28.Rd4 Rc7 29.Kb2 f6
30.Nc1 fxe5 31.fxe5 Bg5 32.Ne2 Bd7 33.Nf4 Rc6 34.Bg4 Bc8 35.h4 Bd8 36.Ne2 Bc7
37.Rd3 Bxe5 38.Nd4 Bxd4 39.cxd4 Rc4 40.Kb3 Bd7 41.Rd2 Kf7 42.Be2 Rc1 43.Rc2 Rb1+
44.Ka3 Rg1 45.g4 Ke7 46.Kb2 Kd6 47.Kc3 Rg3+ 48.Kb2 e5 49.dxe5+ Kxe5 50.Rd2 d4
51.Kc2 Rc3+ 52.Kb2 Ke4 53.h5 Ke3  0-1

[Event "Nice olm prel"]
[Site "Nice"]
[Date "1974.??.??"]
[Round "4"]
[White "Puhm, Alar"]
[Black "Spassov, Liuben"]
[Result "0-1"]
[WhiteElo "2300"]
[BlackElo "2430"]

1.e4 c5 2.Nf3 d6 3.d4 cxd4 4.Nxd4 Nf6 5.Nc3 Nc6 6.Bg5 Qb6 7.Nb3 e6 8.Bd3 Be7
9.O-O O-O 10.Kh1 Bd7 11.f4 h6 12.Bh4 Nxe4 13.Nxe4 Bxh4 14.Nxd6 Nb4 15.Be4 Bc6
16.Nc4 Qc7 17.Bxc6 Qxc6 18.Ne5 Qxc2 19.Qg4 Be7 20.Rac1 Qxb2 21.Rc7 Nd5 22.Rxb7 Ne3
23.Qf3 Nxf1 24.Qxf1 Bf6 25.Nc5 Qd4 26.Nb3 Qe4 27.Nc5 Qd5 28.Ned3 Rfd8 29.h3 Bd4
30.Rb5 Bxc5 31.Nxc5 a6 32.Ra5 Qd1 33.Qxd1 Rxd1+ 34.Kh2 Rd5 35.Rxa6 Rxa6 36.Nxa6 Ra5
37.Nb4 Ra4 38.Nc6 Rxf4 39.Ne7+ Kf8 40.Nc6 Ra4  0-1

[Event "Nice olm fin-B"]
[Site "Nice"]
[Date "1974.??.??"]
[Round "4"]
[White "Puhm, Alar"]
[Black "Santos, Luis M"]
[Result "1/2-1/2"]
[WhiteElo "2300"]
[BlackElo "2270"]

1.e4 c5 2.Nf3 Nc6 3.d4 cxd4 4.Nxd4 Nf6 5.Nc3 d6 6.Bg5 Bd7 7.Be2 Qa5 8.Bxf6 gxf6
9.O-O Rg8 10.Nb3 Qg5 11.g3 Bh3 12.f4 Qg7 13.Rf2 e6 14.Nd4 f5 15.Bb5 h5 16.Nxc6 a6
17.Ba4 h4 18.Qf3 hxg3 19.hxg3 d5 20.exd5 Bc5 21.Ne2 Bg4 22.Ne5+ b5 23.Qg2 Bxe2
24.dxe6 Qxg3 25.exf7+ Ke7 26.fxg8=N+ Rxg8 27.Qxg3 Rxg3+ 28.Kh2 Bxf2 29.Bb3 Rg7  1/2-1/2

[Event "Nice olm fin-A"]
[Site "Nice"]
[Date "1974.??.??"]
[Round "5"]
[White "Byrne, Robert E"]
[Black "Csom, Istvan"]
[Result "1/2-1/2"]
[WhiteElo "2595"]
[BlackElo "2540"]

1.e4 c5 2.Nf3 Nc6 3.d4 cxd4 4.Nxd4 Nf6 5.Nc3 d6 6.Bg5 e6 7.Qd2 a6 8.O-O-O h6
9.Bf4 Bd7 10.Nxc6 Bxc6 11.Qe1 Qa5 12.Bc4 Be7 13.Bb3 Qc7 14.f3 b5  1/2-1/2

[Event "Nice olm fin-A"]
[Site "Nice"]
[Date "1974.??.??"]
[Round "6"]
[White "Lombardy, William James"]
[Black "Ghizdavu, Dumitru"]
[Result "1/2-1/2"]
[WhiteElo "2520"]
[BlackElo "2420"]

1.e4 c5 2.Nf3 d6 3.d4 cxd4 4.Nxd4 Nf6 5.Nc3 Nc6 6.Bg5 e6 7.Qd2 a6 8.O-O-O Bd7
9.f4 b5 10.Nxc6 Bxc6 11.Bd3 Be7 12.Rhe1 O-O 13.e5 dxe5 14.Qf2 Qc7 15.fxe5 Nd5
16.Ne4 Bxg5+ 17.Nxg5 h6 18.Qh4 Qe7 19.Nf3 Qxh4 20.Nxh4 Nb4 21.a3 Nxd3+ 22.Rxd3 Rfd8
23.Red1 Rxd3 24.Rxd3 g5 25.Nf3 Kg7 26.g3 Bxf3 27.Rxf3  1/2-1/2

[Event "Nice olm fin-A"]
[Site "Nice"]
[Date "1974.??.??"]
[Round "10"]
[White "Kavalek, Lubomir"]
[Black "Pomar Salamanca, Arturo"]
[Result "1/2-1/2"]
[WhiteElo "2625"]
[BlackElo "2425"]

1.e4 c5 2.Nf3 d6 3.d4 Nf6 4.Nc3 cxd4 5.Nxd4 Nc6 6.Bg5 e6 7.Qd2 Be7 8.O-O-O O-O
9.f4 h6 10.Bh4 Bd7 11.Bxf6 Bxf6 12.Ndb5 Qa5 13.Kb1 Rad8 14.Nxd6 Be8 15.Qe1 Qb4
16.e5  1/2-1/2

[Event "Nice olm fin-A"]
[Site "Nice"]
[Date "1974.??.??"]
[Round "12"]
[White "Westerinen, Heikki MJ"]
[Black "Radulov, Ivan"]
[Result "1/2-1/2"]
[WhiteElo "2465"]
[BlackElo "2490"]

1.e4 c5 2.Nf3 d6 3.d4 cxd4 4.Nxd4 Nf6 5.Nc3 Nc6 6.Bg5 e6 7.Qd2 Be7 8.O-O-O O-O
9.f4 d5 10.e5 Nd7 11.Bxe7 Qxe7 12.Ndb5 a6 13.Nd6 b5 14.Bd3 Nc5 15.Rhe1 b4
16.Ne2 a5 17.Qe3 Nb7 18.Qb6 Nxd6 19.Qxc6 Nb7 20.Nd4 Rb8 21.Bb5 Nc5 22.f5 Bd7
23.f6 gxf6 24.exf6 Qxf6 25.Qxc5 Bxb5 26.Nxb5 Rfc8 27.Qd4 Qh6+ 28.Re3 Rxb5
29.Kb1 Rc4 30.Rg3+ Kf8 31.Qe5 Ke7 32.Rf1 f6 33.Rxf6 Qxf6 34.Rg7+ Qxg7 35.Qxg7+ Kd6
36.Qf8+  1/2-1/2

[Event "Rubinstein mem"]
[Site "Polanica Zdroj"]
[Date "1974.??.??"]
[Round "1"]
[White "Barczay, Laszlo"]
[Black "Nicevski, Risto"]
[Result "0-1"]
[WhiteElo "2440"]
[BlackElo "2430"]

1.e4 c5 2.Nf3 Nc6 3.d4 cxd4 4.Nxd4 Nf6 5.Nc3 d6 6.Bg5 e6 7.Qd2 a6 8.O-O-O h6
9.Bf4 Bd7 10.Nxc6 Bxc6 11.Qe1 Qa5 12.f3 Rd8 13.Bc4 Be7 14.Bb3 b5 15.a3 Qb6
16.Be3 Qb8 17.g4 a5 18.g5 hxg5 19.Bxg5 a4 20.Ba2 b4 21.axb4 Qxb4 22.Nb1 Qxe1
23.Rdxe1 Rh3 24.Nd2 Kd7 25.e5 Nh5 26.Bxe7 Kxe7 27.exd6+ Rxd6 28.Nc4 Rd4 29.Ne5 Bxf3
30.Rhf1 Rf4 31.Nxf7 Bg4 32.Ne5 Rxf1 33.Rxf1 Bf5 34.Nc6+ Kd6 35.Nd4 g6 36.Rd1 Ke7
37.Rd2 Nf4 38.Bc4 Be4 39.Bb5 e5 40.Nc6+ Bxc6 41.Bxc6 a3 42.bxa3 Rxa3 43.Rd7+ Ke6
44.Rh7 Kd6 45.Be4 Ra4 46.Bf3 e4 47.Bg4 e3 48.Rd7+ Kc5 49.Re7 Nd5  0-1

[Event "Rubinstein mem"]
[Site "Polanica Zdroj"]
[Date "1974.??.??"]
[Round "6"]
[White "Lechtynsky, Jiri"]
[Black "Barczay, Laszlo"]
[Result "1/2-1/2"]
[WhiteElo "2390"]
[BlackElo "2440"]

1.e4 c5 2.Nf3 Nc6 3.d4 cxd4 4.Nxd4 Nf6 5.Nc3 d6 6.Bg5 Bd7 7.Qd2 Rc8 8.Be2 a6
9.f4 e6 10.Nb3 h6 11.Bxf6 gxf6 12.O-O-O h5 13.Kb1 Qb6 14.f5 Ne5 15.Rhf1 Be7
16.Rf4 a5 17.a4 Nc4 18.Bxc4 Rxc4 19.fxe6 fxe6 20.e5 Rxf4 21.Qxf4 fxe5 22.Qg3 Qb4
23.Qg7 Rf8 24.Qg6+ Kd8 25.Qxh5 b6 26.Qe2 Ke8 27.Qh5+  1/2-1/2

[Event "CSR-ch"]
[Site "Rimavska Sobota"]
[Date "1974.??.??"]
[Round "6"]
[White "Fichtl, Jiri"]
[Black "Neckar, Lubomir"]
[Result "0-1"]
[WhiteElo "2380"]
[BlackElo "2200"]

1.e4 c5 2.Nf3 Nc6 3.d4 cxd4 4.Nxd4 Nf6 5.Nc3 d6 6.Bg5 e6 7.Qd2 a6 8.O-O-O Bd7
9.f4 Be7 10.Nf3 b5 11.Bxf6 gxf6 12.f5 Qb6 13.Ne2 Ne5 14.Nf4 Rc8 15.fxe6 fxe6
16.Nd4 Nc4 17.Qe1 Qc5 18.Nfxe6 Qe5 19.Ng7+ Kf7 20.Ngf5 Bxf5 21.exf5 Ne3 22.Be2 h5
23.Rd2 d5 24.Qh4 Bc5 25.Bd1 Qe4 26.Qxe4 dxe4 27.Nb3 Nxf5 28.Nxc5 Rxc5 29.Re1 e3
30.Rd7+ Kg6 31.Ra7 Rc6 32.Bf3 Rd6 33.Be4 Re8 34.Bd3 Kg5 35.Rf1 Re5 36.h4+ Kg6
37.Ra8 Kf7 38.Re1 Nxh4 39.Rh8  0-1